000 01093nam a22003491c 4500
001 a987681521
008 091123s2009 gw |||| 000u ger d
020 _a9783486588
_9978-3-486-588
041 _ager
100 1 _aSchöllgen, Gregor
245 0 4 _aDas Zeitalter des Imperialismus
250 _a5., überarb. und erw. Aufl.
264 _aMünchen :
_bOldenbourg,
_c2009
300 _aXII, 326 S.
336 _aText
_btxt
_2rdacontent
337 _aComputermedien
_bc
_2rdamedia
338 _aOnline-Ressource
_bcr
_2rdacarrier
500 _aE-Book-Ciando / Zugriff im DHI-Lesesaal, Fernzugriff für registrierte Nutzer
648 0 _a1880-1914
650 0 _aKolonialismus
650 0 _aImperialismus
650 0 _aWeltkrieg <1914-1918>
655 0 _aFernzugriff (E-Book)
655 0 _aelektronnaja biblioteka
655 0 _aFernzugriff
700 1 _aKießling, Friedrich
_eVerfasserIn
856 4 _uhttp://dgia.ciando.com/book/index.cfm/bok_ID/30571
942 _cEB
040 _cRU-10907106
003 RU-10907106
999 _c22529
_d22529
490 0 _aOldenbourg-Grundriss der Geschichte
_v15